01143cam a2200313 a 450000100090000000300040000900500170001300800410003001000170007102000150008802000150010304000180011804200100013604300120014605000220015808200180018024501070019824600420030526000810034730000490042850400410047765000470051865000300056571000660059590600450066194200120070699900150071895200960073313981073OSt20230629140725.0050525s2004 ke a b 000 0 eng  a 2005328394 a9966958266 a9966958851 aDLCcDLCdDLC alcode af-ke---00aKSK517b.I58 2004 a347.36bKSICJ00aInternational human rights standards :breporting obligations : Convention on the Rights of the Child.30aConvention on the Rights of the Child aNairobi :bKenyan Section of the International Commission of Jurists,c2004. aiii, 264 p. :bill. (chiefly col.) ;c26 cm. aIncludes bibliographical references. 0aChildrenxLegal status, laws, etc.zKenya. 0aChildren's rightszKenya.2 aInternational Commission of Jurists (1952- ).bKenya Section. a7bcbccorigoded2encipf20gy-gencatlg 2ddccBK c3098d3098 00102ddc4070a002b002d2023-06-29l0o347.36 KSICJp1000856r2023-06-29w2023-06-29yBK